Towers of Showers Acronyms (UPDATED!) - Statistics

General Stats
  • This quiz has been taken 98 times
    19 since last reset
  • The average score is 37 of 317
Answer Stats
ToS Tower Acronyms % Correct
Goofy O
81%
Kellen's Kingdom T
75%
Greenland To
63%
Kellen's Kingdom C
50%
YOLO S
50%
Fungus Fjord M
44%
Fungus Fjord ToN/ToST/W
38%
Melvin's Megalopolis I
31%
Morgan Mangrove N
31%
Tubular ToA
31%
Boat ToE
31%
Mongoose Mountain ToP
31%
GrassVille ToSA
31%
GrassVille CHEAB 1
25%
Logan Lagoon ToM
25%
Melvin's Megalopolis ToO
25%
GrassVille ToPS
25%
Joao's Joasis ToR
25%
Greenland ToT
25%
GrassVille ToVH
25%
Melvin's Machine CHEAB 11
19%
Kellen's Kingdom CHEAB 12
19%
Jongular Jungle CHEAB 2
19%
Logan Lagoon CHEAB 3
19%
Morgan Mangrove CHEAB 4
19%
Boat CHEAB 5
19%
Dad Desert CHEAB 6
19%
Mongoose Mountain CHEAB 7
19%
Anthony Airport CHEAB 9
19%
GrassVille CoA
19%
Logan Lagoon GS
19%
GrassVille JoHN
19%
Greenland PIII
19%
Morgan Mangrove SoE
19%
Jongular Jungle SoJ
19%
GrassVille ToBE
19%
Jongular Jungle ToCC
19%
Mongoose Mountain ToF
19%
Jongular Jungle Tog
19%
Jongular Jungle ToHoP
19%
GrassVille ToJJ
19%
GrassVille | Kellen's Kingdom ToLS
19%
Boat ToMS
19%
Jongular Jungle ToÑ
19%
GrassVille ToPO
19%
GrassVille ToPT
19%
Greenland ToQ
19%
Boat ToSD
19%
GrassVille ToSH
19%
GrassVille ToSYEO
19%
GrassVille ToTG
19%
Jongular Jungle ToTM
19%
GrassVille ToTT
19%
Tubular ToW
19%
YOLO TR
19%
Mongoose Mountain TS
19%
Joao's Joasis Ω
13%
Halloween BOO
13%
Joao's Joasis CB
13%
Vegetable Volcano CHEAB 10
13%
Greenland CHEAB 8
13%
Dad Desert CoC
13%
Goofy CoCER
13%
Boat CoCL
13%
Kellen's Kingdom CoCoC
13%
Fungus Fjord CoGD
13%
Mongoose Mountain CoGU
13%
Fungus Fjord CoHaC
13%
Anthony Airport CoICM
13%
Logan Lagoon CoIT
13%
Tubular CoLL
13%
Greenland CoM
13%
Jongular Jungle CoNM
13%
Vegetable Volcano CoOHC
13%
Vegetable Volcano CoTHW
13%
Tubular CoTS
13%
Jongular Jungle CT
13%
Greenland CUCUMBER
13%
Melvin's Megalopolis DGAMA
13%
Fungus Fjord DoOBE
13%
Joao's Joasis DSoPL / SA
13%
Kellen's Kingdom Dt
13%
Joao's Joasis ERoF
13%
Kellen's Kingdom GSoO
13%
Joao's Joasis J4L
13%
Morgan Mangrove JJJ
13%
Fungus Fjord KB
13%
Fungus Fjord LN
13%
Kellen's Kingdom MB
13%
Goofy MP
13%
Tubular M&U
13%
Dad Desert OoK
13%
Kellen's Kingdom OoS
13%
Anthony Airport OT
13%
Kellen's Kingdom Poo
13%
YOLO RIT
13%
Tubular SMT
13%
YOLO SoBHS
13%
Vegetable Volcano SoG
13%
Morgan Mangrove SoHaC
13%
Boat SoNF
13%
Tubular SSODO
13%
Anthony Airport ToAB
13%
Dad Desert ToADP
13%
Jongular Jungle ToAF
13%
Greenland ToBB
13%
Mongoose Mountain ToBBDBDBL
13%
Morgan Mangrove ToBBSL
13%
Anthony Airport ToBC
13%
Boat ToBHS
13%
Boat ToBSA
13%
Kellen's Kingdom ToBT
13%
Dad Desert ToCBC
13%
Melvin's Machine ToCCPR
13%
Boat ToCD
13%
Vegetable Volcano ToCSA
13%
Greenland ToCSE
13%
Goofy ToDT
13%
Morgan Mangrove ToDW
13%
Dad Desert ToDYM
13%
GrassVille ToEC
13%
Tubular ToEE
13%
Goofy ToEV
13%
Melvin's Machine ToFC
13%
Mongoose Mountain ToFG
13%
Fungus Fjord ToGD
13%
Vegetable Volcano ToGG
13%
Dad Desert ToGGB
13%
Melvin's Machine ToGGG
13%
Jongular Jungle ToGoH
13%
Anthony Airport ToGSA
13%
Tubular ToHDB
13%
Kellen's Kingdom ToHDD
13%
Goofy ToHH
13%
Goofy ToHHH
13%
Logan Lagoon ToIF
13%
Kellen's Kingdom ToJaTUBB
13%
Melvin's Megalopolis ToJE
13%
Tubular ToJS
13%
Mongoose Mountain ToKIK
13%
Mongoose Mountain ToLCF
13%
Logan Lagoon ToLF
13%
Morgan Mangrove ToLI
13%
Morgan Mangrove ToLL
13%
Joao's Joasis ToLLS
13%
Joao's Joasis ToMC
13%
Dad Desert ToMD
13%
Tubular ToMF
13%
Anthony Airport ToMR
13%
Joao's Joasis ToMU
13%
Tubular ToNN
13%
Mongoose Mountain ToOC
13%
Kellen's Kingdom ToOE
13%
Joao's Joasis ToPFSKH
13%
Fungus Fjord ToPI
13%
Goofy ToPoF
13%
Vegetable Volcano ToPPP
13%
Joao's Joasis ToPPPPP
13%
YOLO ToPR
13%
Goofy ToRnC
13%
Mongoose Mountain ToRR
13%
Melvin's Machine ToRRRR
13%
Anthony Airport ToSB
13%
Logan Lagoon ToSFS
13%
Logan Lagoon ToSfS
13%
Dad Desert | Kellen's Kingdom ToSG
13%
Mongoose Mountain ToSHS
13%
Jongular Jungle ToSIRL
13%
Logan Lagoon ToSN
13%
Fungus Fjord ToSNE
13%
Goofy ToSoP
13%
GrassVille ToSoTT
13%
Dad Desert ToSS
13%
Anthony Airport ToST
13%
Boat ToSTS
13%
Boat ToSU
13%
Jongular Jungle ToTC
13%
Vegetable Volcano ToTY
13%
Logan Lagoon ToÜ
13%
Joao's Joasis ToVHR
13%
Fungus Fjord ToWHX
13%
Dad Desert ToWHY
13%
Boat ToWWW
13%
Mongoose Mountain ToZT
13%
Fungus Fjord AWT
6%
Greenland CLW
6%
YOLO CoBS
6%
Birthday! CoHB
6%
Dad Desert CoNH
6%
Morgan Mangrove CoQ
6%
Kellen's Kingdom CoTM
6%
Anthony Airport ET
6%
Kellen's Kingdom FSoGT
6%
Melvin's Megalopolis FtBO
6%
Joao's Joasis GTO
6%
Melvin's Megalopolis HRoBBK
6%
Fungus Fjord HUE
6%
Goofy JoHWMaUMBAYCDCYETAOWYBD
6%
Jongular Jungle J&THOM
6%
Greenland LE
6%
Halloween MM
6%
YOLO NoPC
6%
Melvin's Machine OoGL
6%
Fungus Fjord OoUO
6%
Vegetable Volcano PM
6%
Joao's Joasis RB
6%
Melvin's Megalopolis SB
6%
Vegetable Volcano SoBMJ
6%
Greenland SoED
6%
Boat SoOS
6%
YOLO SoPM
6%
Goofy SoRP
6%
Joao's Joasis SoSP
6%
Christmas SoSS
6%
Melvin's Machine SoT
6%
Kellen's Kingdom SoUC
6%
Joao's Joasis SoWB
6%
Fungus Fjord SSoF
6%
Anthony Airport TaBLE
6%
Mongoose Mountain TC
6%
Greenland THS
6%
Melvin's Megalopolis ToAAGSS
6%
Kellen's Kingdom ToAX
6%
Logan Lagoon ToBaCF
6%
Vegetable Volcano ToBB1
6%
Melvin's Megalopolis ToBBANB
6%
YOLO ToBBH
6%
Anthony Airport ToBPPV
6%
Morgan Mangrove ToCaC
6%
Jongular Jungle ToCaT
6%
Tubular ToCE
6%
Morgan Mangrove ToCIYS
6%
Vegetable Volcano ToCoTC
6%
Goofy ToCR
6%
Melvin's Machine ToDIL
6%
Dad Desert ToDKD
6%
YOLO ToDM
6%
Melvin's Machine ToED
6%
Joao's Joasis ToEDSG
6%
Vegetable Volcano ToEGGT
6%
Kellen's Kingdom ToEMLE
6%
Melvin's Machine ToEP
6%
Boat ToEXGC
6%
Melvin's Megalopolis ToFD
6%
Mongoose Mountain ToFITG
6%
Goofy ToFNH
6%
Morgan Mangrove ToFR
6%
Melvin's Machine ToGB
6%
Logan Lagoon ToGGBBJJ
6%
Fungus Fjord ToGGGG
6%
YOLO ToGP
6%
Dad Desert ToGTB
6%
Tubular ToHB
6%
Melvin's Megalopolis ToILT❤️
6%
Jongular Jungle ToKE
6%
Greenland ToKR
6%
YOLO ToLT
6%
Anthony Airport ToMMM
6%
Morgan Mangrove ToMT
6%
Tubular ToNH
6%
Logan Lagoon ToNS
6%
Kellen's Kingdom ToNT
6%
Anthony Airport ToOPW
6%
Morgan Mangrove ToOW
6%
Fungus Fjord ToPA+
6%
Goofy ToPCD
6%
Melvin's Machine ToPPF
6%
Boat ToPST
6%
Greenland ToRB
6%
Joao's Joasis ToRC
6%
Greenland ToRES
6%
Dad Desert ToRIS
6%
Dad Desert ToRS
6%
Melvin's Megalopolis ToSaD
6%
Jongular Jungle ToSaP
6%
Fungus Fjord ToSFM
6%
Melvin's Machine ToSID
6%
YOLO ToSM
6%
Melvin's Machine ToSSW
6%
Tubular ToTI
6%
Logan Lagoon ToTIaM
6%
Vegetable Volcano ToTSD
6%
Anthony Airport ToTSF
6%
Kellen's Kingdom ToUB
6%
Greenland ToUK
6%
Logan Lagoon ToWIME
6%
Goofy ToWR
6%
YOLO WWF
6%
Halloween ZDSG
6%
Melvin's Megalopolis APM
0%
YOLO JJtJJ
0%
Melvin's Machine KJPU3TCoS
0%
Halloween MMTIEI
0%
Melvin's Megalopolis .PZPL5]
0%
Valentine SoAVS
0%
Christmas SoDM
0%
Christmas SoENNPN
0%
Melvin's Machine SoII
0%
Valentine SoILY
0%
Christmas SoJP
0%
Valentine SoMM
0%
Valentine SoMMLH
0%
Halloween SoNoSS
0%
Christmas SoTCS
0%
Melvin's Megalopolis SoUD3
0%
Valentine SoVV
0%
Mongoose Mountain ToCGNP
0%
Melvin's Megalopolis ToCW
0%
Vegetable Volcano ToET
0%
Melvin's Megalopolis ToFTT
0%
Vegetable Volcano ToM̀
0%
Logan Lagoon ToMME
0%
Melvin's Megalopolis ToSaR
0%
YOLO ToUBP
0%
YOLO TvSeL
0%
No matching quizzes found
Score Distribution
Percent of People with Each Score
Percentile by Number Answered
Your Score History
You have not taken this quiz since the last reset